000 00480nam a2200169Ia 4500
999 _c28751
_d28751
003 OSt
005 20210129094125.0
008 190216s9999||||xx |||||||||||||| ||und||
040 _coclc
082 _a894.812301
_bMUK/A
100 _aMukundan, M
_96509
245 0 _aAncharavAyassulla Kutty
_cM Mukundan
260 _bHaritha Books,
_aKozhikode:
_c2003.
300 _a78p
650 _aKathakal
942 _cBK
_2ddc
_h894.812301
_iMUK/A
_k894.812301
_mMUK/A